Научная организация труда и управления в государственных учреждениях. ...1970-1973 гг. (Запись № 5759956)

Подробности
000 -МАРКЕР
контрольное поле 01197nam2a22002531 4500
001 - ИДЕНТИФИКАТОР ЗАПИСИ
контрольное поле rc\3487839
005 - ИДЕНТИФИКАТОР ВЕРСИИ
контрольное поле 20250610011642.0
035 ## - ДРУГИЕ СИСТЕМНЫЕ НОМЕРА
Идентификатор записи (NLR Aleph) 007605438
100 ## - ДАННЫЕ ОБЩЕЙ ОБРАБОТКИ
Данные общей обработки 20130115d1974 |||y0rusy50 ca
101 0# - ЯЗЫК РЕСУРСА
Язык текста, звукозаписи и т.д. русский
102 ## - СТРАНА ПУБЛИКАЦИИ ИЛИ ПРОИЗВОДСТВА
Страна публикации Российская Федерация
105 ## - ПОЛЕ КОДИРОВАННЫХ ДАННЫХ: ТЕКСТОВЫЕ МАТЕРИАЛЫ, МОНОГРАФИЧЕСКИЕ
Кодированные данные о монографическом текстовом документе y z |||||
200 0# - ЗАГЛАВИЕ И СВЕДЕНИЯ ОБ ОТВЕТСТВЕННОСТИ
Основное заглавие ...1970-1973 гг.
Первые сведения об ответственности [Сост. Е. Садахина]
210 ## - ПУБЛИКАЦИЯ, РАСПРОСТРАНЕНИЕ И ДР.
Дата издания, распространения и т.д. 1974
Место издания, распространения и т.д. Б. м.
215 ## - ФИЗИЧЕСКАЯ ХАРАКТЕРИСТИКА
Специфическое обозначение материала и объем 15 с.
461 #0 - УРОВЕНЬ НАБОРА
Встроенное поле 001rc\3487838
-- 2001#$aНаучная организация труда и управления в государственных учреждениях$eКниги и журн. статьи...$eНа рус. яз. и яз. других народов СССР$v...1970-1973 гг.
Системный номер (АБИС) связанной записи 5759947
Место публикации Чимкент
Дата публикации 1974
Имя издателя, распространителя и т.д. Б. и.
Сведения, относящиеся к заглавию Книги и журн. статьи... : На рус. яз. и яз. других народов СССР
Заглавие Научная организация труда и управления в государственных учреждениях
Номер тома ...1970-1973 гг.
702 #1 - ИМЯ ЛИЦА - ВТОРИЧНАЯ ОТВЕТСТВЕННОСТЬ
Начальный элемент ввода Садахина
Часть имени, кроме начального элемента ввода Е.
Код отношения Составитель
801 #0 - ИСТОЧНИК ЗАПИСИ
Страна Российская Федерация
Организация NLR
Правила каталогизации psbo
801 #1 - ИСТОЧНИК ЗАПИСИ
Страна Российская Федерация
Организация ELAR
Источник данных rusmarc
852 ## - МЕСТОНАХОЖДЕНИЕ И ШИФР ХРАНЕНИЯ
Идентификатор организации NLR
Шифр хранения (Call Number) С737-420/Т-32
942 ## - ДОПОЛНИТЕЛЬНЫЕ ЭЛЕМЕНТЫ ЗАПИСИ (АБИС)
Тип экземпляра АБИС Книга
980 ## - КОЛЛЕКЦИЯ
Название коллекции Национальная библиография
Экземпляры
Тип экземпляра Дата поступления Библиотека постоянного хранения Библиотека текущего хранения Место хранения Шифр хранения Штрих-код Статус экземпляра
Книга 26.10.2013 РНБ (Московский) РНБ (Московский) Центральная справочная библиотека С737-420/Т-32 1-4234160  
Книга 06.02.2024 РНБ (Московский) РНБ (Московский) Центральная справочная библиотека С737-420/Т-32 1-4313939